| 000 | 00434 a2200109 4500 | ||
|---|---|---|---|
| 001 | ART_60208 | ||
| 005 | 20260410162017.0 | ||
| 008 | 260409a | ||
| 245 | 1 | 0 | _aDecreto de necesidad y urgencia 70/2023. Impugnaciones en el ámbito judicial: análisis, consideraciones y diagnóstico parcial |
| 100 | 1 | _aRoitman, Facundo J. | |
| 773 | 0 |
_tTemas de derecho administrativo _g- Año 9, N° 2/3 (feb./mar. 2024) _wREV40468 |
|
| 999 |
_c32712 _d32712 |
||